| 000 | 00404nam a2200181Ia 4500 | ||
|---|---|---|---|
| 001 | 11140 | ||
| 005 | 20260306161924.0 | ||
| 008 | 260306t1964||||xx |||||||||||||| ||spa|| | ||
| 041 | _aESP | ||
| 082 |
_a985.009 _bV933 |
||
| 100 |
_aVega, Juan José _eAUT |
||
| 245 | 0 | _aManco Inca, el gran rebelde | |
| 260 | _c1964 | ||
| 300 |
_a _c |
||
| 650 | _aGEN | ||
| 654 | _aCHU | ||
| 942 |
_cLIB _dJUS _fJUS _2ddc _n |
||
| 999 |
_c11140 _d11140 |
||